[Event "Titled Tuesday intern op 16th Mar"]
[Site "Chess.com INT"]
[Date "2021.03.16"]
[Round "11"]
[White "Friedel, Joshua E"]
[Black "Kuzubov, Yuriy"]
[Result "1/2-1/2"]
[WhiteElo "2552"]
[BlackElo "2642"]
[PlyCount "100"]
[EventDate "2021.03.16"]
[EventType "swiss (blitz)"]
[EventRounds "11"]
[EventCountry "USA"]
[SourceTitle "CBM 201 Extra"]
[Source "ChessBase"]
[SourceDate "2021.05.31"]
[SourceVersion "1"]
[SourceVersionDate "2021.05.31"]
[SourceQuality "1"]

1. d4 Nf6 2. c4 e6 3. Nc3 Bb4 4. Nf3 c5 5. g3 cxd4 6. Nxd4 Ne4 7. Qd3 Bxc3+ 8. bxc3 Nc5 9. Qf3 d6 10. Bg2 Nbd7 11. 0-0 Ne5 12. Qf4 Bd7 13. Rd1 0-0 14. Nb5 Bxb5 15. cxb5 Rc8 16. Bb2 Qf6 17. Qd4 b6 18. c4 Na4 19. Ba3 Nxc4 20. Qxf6 gxf6 21. Bxd6 Nxd6 22. Rxd6 Rfd8 23. Rxd8+ Rxd8 24. Rc1 Nc5 25. Bf3 Rd2 26. Rc4 Rxa2 27. Rd4 Kg7 28. Rd8 Rb2 29. Ra8 Rxb5 30. Rxa7 Ra5 31. Rc7 Kg6 32. Bc6 Na6 33. Rb7 Nc5 34. Rxb6 Ra2 35. Bf3 f5 36. Rc6 Nb3 37. Rc7 Nd4 38. Kf1 h5 39. h4 f4 40. Rd7 Nxf3 41. exf3 fxg3 42. fxg3 e5 43. Rd6+ f6 44. Rc6 Kf5 45. Rb6 Rc2 46. Ra6 Rb2 47. Rc6 Ra2 48. Rb6 Rc2 49. Ra6 Rd2 50. Rb6 Rc2 1/2-1/2

[Event "Titled Tuesday intern op 16th Mar"]
[Site "Chess.com INT"]
[Date "2021.03.16"]
[Round "1"]
[White "Serrer, Christoph"]
[Black "Friedel, Joshua E"]
[Result "0-1"]
[WhiteElo "2283"]
[BlackElo "2552"]
[PlyCount "62"]
[EventDate "2021.03.16"]
[EventType "swiss (blitz)"]
[EventRounds "11"]
[EventCountry "USA"]
[SourceTitle "CBM 201 Extra"]
[Source "ChessBase"]
[SourceDate "2021.05.31"]
[SourceVersion "1"]
[SourceVersionDate "2021.05.31"]
[SourceQuality "1"]

1. Nf3 Nf6 2. c4 b6 3. d4 e6 4. a3 Ba6 5. e3 d5 6. cxd5 Bxf1 7. Kxf1 exd5 8. g3 Bd6 9. Kg2 0-0 10. Nc3 c6 11. Re1 Nbd7 12. e4 Nxe4 13. Nxe4 dxe4 14. Rxe4 h6 15. Bd2 Nf6 16. Re2 Nd5 17. Qc2 Rc8 18. Rae1 Qd7 19. h3 Qb7 20. Qe4 Nf6 21. Qf5 Qd7 22. Qxd7 Nxd7 23. Ne5 Nf6 24. g4 Nd5 25. Bc1 f6 26. Nd3 Kf7 27. Re6 Rcd8 28. Bd2 Rd7 29. Kf3 Rfd8 30. R1e4 Nc7 31. Bf4 Nxe6 0-1

[Event "Nonalaya Ricardo Online op"]
[Site "Chess.com INT"]
[Date "2020.07.19"]
[Round "7"]
[White "Cori Tello, Deysi Estella"]
[Black "Friedel, Joshua E"]
[Result "0-1"]
[WhiteElo "2388"]
[BlackElo "2552"]
[PlyCount "82"]
[EventDate "2020.07.19"]
[EventType "swiss (blitz)"]
[EventRounds "9"]
[EventCountry "PER"]
[SourceTitle "CBM 197 Extra"]
[Source "ChessBase"]
[SourceDate "2020.09.30"]
[SourceVersion "1"]
[SourceVersionDate "2020.09.30"]
[SourceQuality "1"]

1. d4 Nf6 2. Nf3 c5 3. e3 b6 4. Bd3 Bb7 5. 0-0 g6 6. Qe2 Bg7 7. dxc5 bxc5 8. e4 0-0 9. Rd1 Nc6 10. c3 Qc7 11. Na3 d6 12. h3 Nd7 13. Bg5 Nde5 14. Bc2 Nxf3+ 15. Qxf3 Ne5 16. Qe3 Rfe8 17. Bh4 Qc6 18. f3 Rab8 19. Bf2 a5 20. f4 Nd7 21. Nc4 Qa6 22. Bd3 Qa8 23. Re1 a4 24. Rac1 Bc6 25. Bf1 Nb6 26. Nd2 Nd7 27. Nc4 Nf6 28. Nd2 Rxb2 29. e5 Nd5 30. Qd3 Nxf4 31. Qc4 Nxg2 32. exd6 Rxd2 33. dxe7 Nxe1 34. Rxe1 Rd7 35. Qxc5 Bf3 36. Bb5 Qb7 37. Qc4 Qc7 38. Qxa4 Rdxe7 39. Bxe8 Rxe1+ 40. Bxe1 Qc5+ 41. Bf2 Qg5+ 0-1

[Event "Titled Tuesday intern op 5th May"]
[Site "Chess.com INT"]
[Date "2020.05.05"]
[Round "1"]
[White "Friedel, Joshua E"]
[Black "Shafigullina, Zarina"]
[Result "1-0"]
[WhiteElo "2552"]
[BlackElo "2296"]
[PlyCount "59"]
[EventDate "2020.05.05"]
[EventType "swiss (blitz)"]
[EventRounds "10"]
[EventCountry "USA"]
[SourceTitle "EXT 2021"]
[Source "ChessBase"]
[SourceDate "2020.10.23"]
[SourceVersion "1"]
[SourceVersionDate "2020.10.23"]
[SourceQuality "1"]

1. d4 Nf6 2. c4 e6 3. Nc3 Bb4 4. Nf3 0-0 5. Bg5 d5 6. cxd5 exd5 7. e3 c6 8. Bd3 h6 9. Bh4 Re8 10. 0-0 Bg4 11. Qb3 Qe7 12. Ne5 Bc8 13. Rad1 Bd6 14. f4 Nbd7 15. e4 dxe4 16. Nxe4 Bc7 17. Bc4 Rf8 18. Nxf6+ Nxf6 19. Ng6 Qe4 20. Nxf8 Bg4 21. Bxf6 Bxd1 22. Qxd1 gxf6 23. Nd7 Qf5 24. Qg4+ Qxg4 25. Nxf6+ Kg7 26. Nxg4 Bb6 27. Rd1 Rd8 28. Kf1 Bxd4 29. Ne5 b5 30. Nxc6 1-0

[Event "Titled Tuesday intern op 5th May"]
[Site "Chess.com INT"]
[Date "2020.05.05"]
[Round "6"]
[White "Nguyen, Thi Thanh An"]
[Black "Friedel, Joshua E"]
[Result "0-1"]
[WhiteElo "2285"]
[BlackElo "2552"]
[PlyCount "50"]
[EventDate "2020.05.05"]
[EventType "swiss (blitz)"]
[EventRounds "10"]
[EventCountry "USA"]
[SourceTitle "EXT 2021"]
[Source "ChessBase"]
[SourceDate "2020.10.23"]
[SourceVersion "1"]
[SourceVersionDate "2020.10.23"]
[SourceQuality "1"]

1. d4 Nf6 2. c4 e6 3. Nf3 b6 4. g3 Bb7 5. Bg2 Bb4+ 6. Bd2 c5 7. Bxb4 cxb4 8. a3 bxa3 9. Nxa3 0-0 10. 0-0 Nc6 11. Nb5 Qe7 12. d5 exd5 13. cxd5 Na5 14. Nfd4 Qb4 15. e4 a6 16. Ra4 Qe7 17. Nc3 Rac8 18. Nf5 Qc5 19. e5 Ne8 20. Rg4 g6 21. Nh6+ Kg7 22. Qd2 f5 23. exf6+ Nxf6 24. Nf5+ Kh8 25. Qh6 Rg8 0-1

[Event "Titled Tuesday intern op 21st April"]
[Site "Chess.com INT"]
[Date "2020.04.21"]
[Round "3"]
[White "Friedel, Joshua E"]
[Black "Delorme, Alban"]
[Result "1/2-1/2"]
[WhiteElo "2552"]
[BlackElo "2322"]
[PlyCount "134"]
[EventDate "2020.04.21"]
[EventType "swiss (blitz)"]
[EventRounds "10"]
[EventCountry "USA"]
[SourceTitle "EXT 2021"]
[Source "ChessBase"]
[SourceDate "2020.10.23"]
[SourceVersion "1"]
[SourceVersionDate "2020.10.23"]
[SourceQuality "1"]

1. Nf3 c5 2. c4 Nf6 3. b3 g6 4. Bb2 Bg7 5. g3 0-0 6. Bg2 Nc6 7. 0-0 d6 8. d4 cxd4 9. Nxd4 Bd7 10. Nc3 Nxd4 11. Qxd4 Bc6 12. Nd5 Bxd5 13. cxd5 Qa5 14. b4 Qa4 15. a3 Rfc8 16. Rac1 b6 17. Rc6 Rxc6 18. dxc6 d5 19. Bxd5 Rd8 20. c7 Rc8 21. Rc1 Qd7 22. e4 Rxc7 23. Rxc7 Qxc7 24. Kg2 e6 25. Bb3 Ne8 26. Qd2 Bxb2 27. Qxb2 Qc6 28. Qd4 Nd6 29. f3 Nb5 30. Qe5 Qc3 31. Qxc3 Nxc3 32. Kf2 Nb5 33. a4 Nd4 34. Bd1 Kf8 35. Ke3 e5 36. f4 f6 37. g4 h6 38. h4 Ke7 39. g5 hxg5 40. fxg5 fxg5 41. hxg5 Ne6 42. a5 Nxg5 43. axb6 axb6 44. Be2 Ne6 45. Bg4 Nd4 46. Kd3 Kd6 47. Kc4 b5+ 48. Kd3 Ne6 49. Ke3 Nf4 50. Bf3 Ne6 51. Be2 Kc6 52. Bg4 Nc7 53. Kd3 Ne8 54. Be6 Nf6 55. Bf7 g5 56. Ke3 Kd6 57. Bg6 Ke7 58. Bf5 Nd7 59. Bxd7 Kxd7 60. Kf3 Ke6 61. Kg4 Kf6 62. Kh5 g4 63. Kxg4 Kg6 64. Kh4 Kh6 65. Kg4 Kg6 66. Kh4 Kh6 67. Kg4 Kg6 1/2-1/2

[Event "Titled Tuesday intern op 21st April"]
[Site "Chess.com INT"]
[Date "2020.04.21"]
[Round "8"]
[White "Friedel, Joshua E"]
[Black "Grigoriants, Sergey"]
[Result "1/2-1/2"]
[WhiteElo "2552"]
[BlackElo "2542"]
[PlyCount "90"]
[EventDate "2020.04.21"]
[EventType "swiss (blitz)"]
[EventRounds "10"]
[EventCountry "USA"]
[SourceTitle "EXT 2021"]
[Source "ChessBase"]
[SourceDate "2020.10.23"]
[SourceVersion "1"]
[SourceVersionDate "2020.10.23"]
[SourceQuality "1"]

1. Nf3 d5 2. g3 c6 3. c4 Nf6 4. Bg2 dxc4 5. 0-0 Nbd7 6. Na3 Nb6 7. Qc2 Be6 8. Ng5 Bg4 9. Nxc4 Bxe2 10. Ne5 Bh5 11. a4 Nbd5 12. Nxc6 Qc7 13. Nb4 Qxc2 14. Nxc2 e6 15. Ne3 Rd8 16. d4 Be7 17. Bd2 0-0 18. Rfc1 h6 19. Ne4 Rd7 20. Nc5 Rc7 21. Nxd5 Nxd5 22. Bxd5 exd5 23. Bf4 Rc6 24. Nxb7 Rb6 25. Na5 Rxb2 26. Nc6 Bf6 27. Be5 Bxe5 28. Nxe5 Rd2 29. Nc6 a6 30. a5 Re8 31. Re1 Rxe1+ 32. Rxe1 Bf3 33. h3 g5 34. Ne5 Be4 35. f3 Bf5 36. Nc6 Kg7 37. g4 Be6 38. Rb1 Bd7 39. Rb6 Bxc6 40. Rxc6 Rxd4 41. Rxa6 Rd2 42. Ra8 d4 43. a6 d3 44. Rd8 Ra2 45. Rxd3 Rxa6 1/2-1/2

[Event "Titled Tuesday intern op 21st April"]
[Site "Chess.com INT"]
[Date "2020.04.21"]
[Round "2"]
[White "Indjic, Aleksandar"]
[Black "Friedel, Joshua E"]
[Result "1-0"]
[WhiteElo "2618"]
[BlackElo "2552"]
[PlyCount "73"]
[EventDate "2020.04.21"]
[EventType "swiss (blitz)"]
[EventRounds "10"]
[EventCountry "USA"]
[SourceTitle "EXT 2021"]
[Source "ChessBase"]
[SourceDate "2020.10.23"]
[SourceVersion "1"]
[SourceVersionDate "2020.10.23"]
[SourceQuality "1"]

1. d4 Nf6 2. Nf3 e6 3. Bg5 c5 4. e3 Be7 5. Nbd2 b6 6. c3 Bb7 7. Bd3 0-0 8. Qe2 cxd4 9. cxd4 Nc6 10. a3 Nd5 11. h4 f5 12. g3 Nf6 13. Bxf6 Bxf6 14. Ba6 Bxa6 15. Qxa6 Rc8 16. Qd3 d5 17. Ke2 Qd7 18. Rac1 Rc7 19. Rc2 Rfc8 20. Rhc1 Na5 21. b4 Rxc2 22. Rxc2 Rxc2 23. Qxc2 Qb5+ 24. Qd3 Nc4 25. Nxc4 dxc4 26. Qc3 Qc6 27. a4 a6 28. b5 axb5 29. axb5 Qxb5 30. Nd2 Be7 31. Nxc4 Qc6 32. Qb3 b5 33. Ne5 Qb6 34. d5 b4 35. dxe6 Qb5+ 36. Nd3 Bd6 37. e7+ 1-0

[Event "Washington op 7th"]
[Site "Rockville"]
[Date "2018.08.14"]
[Round "8"]
[White "Brodsky, David"]
[Black "Friedel, Joshua E"]
[Result "0-1"]
[WhiteElo "2402"]
[BlackElo "2553"]
[PlyCount "106"]
[EventDate "2018.08.11"]
[EventType "swiss"]
[EventRounds "9"]
[EventCountry "USA"]
[SourceTitle "CBM 186 Extra"]
[Source "ChessBase"]
[SourceDate "2018.08.24"]
[SourceVersion "1"]
[SourceVersionDate "2018.08.24"]
[SourceQuality "1"]

1. d4 Nf6 2. c4 e6 3. Nc3 Bb4 4. e3 0-0 5. Bd3 d5 6. Nf3 b6 7. 0-0 Ba6 8. cxd5 exd5 9. Bxa6 Nxa6 10. Qa4 Qc8 11. Bd2 Re8 12. a3 Bxc3 13. Bxc3 Ne4 14. Rac1 Qb7 15. b4 b5 16. Qc2 c6 17. Nd2 Nd6 18. Rfe1 Nc7 19. e4 Nxe4 20. Nxe4 dxe4 21. Bd2 Re6 22. Rxe4 Rae8 23. Rce1 Qc8 24. h3 Qd7 25. Rxe6 Rxe6 26. Rxe6 Nxe6 27. Be3 Qd5 28. a4 a6 29. axb5 axb5 30. Qc3 h6 31. f3 Qd6 32. Kf2 Nc7 33. Qc5 Qg6 34. Bf4 Nd5 35. Bd6 Qd3 36. Qxc6 Qd2+ 37. Kg1 Ne3 38. f4 Qe1+ 39. Kh2 Nf1+ 40. Kg1 Ng3+ 41. Kh2 h5 42. Qc8+ Kh7 43. Be7 Nf1+ 44. Kg1 Nd2+ 45. Kh2 Nf1+ 46. Kg1 Nd2+ 47. Kh2 Qxe7 48. Qf5+ g6 49. Qxb5 Qe1 50. Qe5 Nf1+ 51. Kg1 Ne3+ 52. Kh2 Qe2 53. Qg5 f6 0-1

[Event "Saint Louis Summer-B"]
[Site "Saint Louis"]
[Date "2018.05.20"]
[Round "6"]
[White "Friedel, Joshua E"]
[Black "Aghasaryan, Robert"]
[Result "0-1"]
[WhiteElo "2562"]
[BlackElo "2532"]
[PlyCount "94"]
[EventDate "2018.05.15"]
[EventType "tourn"]
[EventRounds "9"]
[EventCountry "USA"]
[EventCategory "12"]
[SourceTitle "CBM 185"]
[Source "ChessBase"]
[SourceDate "2018.07.13"]
[SourceVersion "1"]
[SourceVersionDate "2018.07.13"]
[SourceQuality "1"]

1. d4 d5 2. c4 e6 3. Nc3 Be7 4. cxd5 exd5 5. Bf4 c6 6. e3 Bf5 7. g4 Be6 8. h3 Nd7 9. Qb3 Nb6 10. Nf3 Bd6 11. Bd3 Bxf4 12. exf4 h5 13. 0-0-0 hxg4 14. hxg4 Rxh1 15. Rxh1 Qd6 16. Ne5 f6 17. Ng6 0-0-0 18. f5 Bf7 19. Qa3 Qxa3 20. bxa3 Nh6 21. g5 fxg5 22. Ne5 Rf8 23. Rg1 g4 24. Nxg4 Nxg4 25. Rxg4 Rg8 26. Ne2 Kd8 27. Nf4 Ke7 28. Rg3 Nc8 29. Ng6+ Bxg6 30. fxg6 Rf8 31. Re3+ Kd8 32. Rh3 Nd6 33. Rh7 Ne8 34. Kb2 Rxf2+ 35. Bc2 Ke7 36. a4 a5 37. Kc3 Rf3+ 38. Bd3 Rf8 39. Rh3 Nc7 40. Rh2 Ne6 41. Rb2 Nd8 42. Rh2 Kd6 43. Be2 Rf6 44. Rh8 Ne6 45. Bg4 Rxg6 46. Bxe6 Rxe6 47. Rd8+ Kc7 0-1

[Event "Saint Louis Summer-B"]
[Site "Saint Louis"]
[Date "2018.05.18"]
[Round "4"]
[White "Abrahamyan, Tatev"]
[Black "Friedel, Joshua E"]
[Result "1/2-1/2"]
[WhiteElo "2366"]
[BlackElo "2562"]
[PlyCount "46"]
[EventDate "2018.05.15"]
[EventType "tourn"]
[EventRounds "9"]
[EventCountry "USA"]
[EventCategory "12"]
[SourceTitle "CBM 185"]
[Source "ChessBase"]
[SourceDate "2018.07.13"]
[SourceVersion "1"]
[SourceVersionDate "2018.07.13"]
[SourceQuality "1"]

1. e4 e5 2. Nf3 Nc6 3. Bc4 Bc5 4. 0-0 Nf6 5. d3 d6 6. c3 a6 7. Bb3 Ba7 8. Nbd2 0-0 9. h3 h6 10. Re1 Re8 11. Nf1 Be6 12. Ng3 Qd7 13. Bc2 d5 14. Qe2 Rad8 15. Nh4 dxe4 16. dxe4 Bxh3 17. gxh3 Qxh3 18. Nhf5 Ng4 19. Be3 Qh2+ 20. Kf1 Qh3+ 21. Kg1 Qh2+ 22. Kf1 Qh3+ 23. Kg1 Qh2+ 1/2-1/2

[Event "Reykjavik op"]
[Site "Reykjavik"]
[Date "2018.03.11"]
[Round "6"]
[White "Friedel, Joshua E"]
[Black "Rapport, Richard"]
[Result "0-1"]
[WhiteElo "2562"]
[BlackElo "2715"]
[PlyCount "88"]
[EventDate "2018.03.06"]
[EventType "swiss"]
[EventRounds "9"]
[EventCountry "ISL"]
[SourceTitle "CBM 184"]
[Source "ChessBase"]
[SourceDate "2018.05.16"]
[SourceVersion "1"]
[SourceVersionDate "2018.05.16"]
[SourceQuality "1"]

1. Nf3 Nc6 2. e4 e5 3. Bb5 a6 4. Ba4 Nf6 5. 0-0 d6 6. c3 Nxe4 7. d4 Bd7 8. Re1 Nf6 9. Bxc6 Bxc6 10. dxe5 dxe5 11. Qxd8+ Kxd8 12. Nxe5 Be8 13. Bg5 h6 14. Bxf6+ gxf6 15. Ng4 Be7 16. Na3 Bd7 17. Rad1 Kc8 18. Ne3 Be6 19. Nd5 Bd8 20. Nc4 a5 21. a4 Ra6 22. b3 Rc6 23. Nce3 Rd6 24. b4 Rg8 25. b5 Rd7 26. c4 c6 27. Nf4 Bb6 28. bxc6 bxc6 29. Rxd7 Bxd7 30. Rc1 Bd4 31. Rd1 Bc5 32. Nh5 Rg6 33. Ng3 Kc7 34. Ne4 Bb4 35. h4 f5 36. h5 Re6 37. Nd2 f4 38. Nc2 Rd6 39. Nxb4 axb4 40. Kf1 Bf5 41. c5 Rd5 42. Ke1 Bc2 43. Rc1 Re5+ 44. Kf1 b3 0-1

[Event "Reykjavik op"]
[Site "Reykjavik"]
[Date "2018.03.07"]
[Round "2"]
[White "Friedel, Joshua E"]
[Black "Pigott, John C"]
[Result "1-0"]
[WhiteElo "2562"]
[BlackElo "2403"]
[PlyCount "81"]
[EventDate "2018.03.06"]
[EventType "swiss"]
[EventRounds "9"]
[EventCountry "ISL"]
[SourceTitle "CBM 183 Extra"]
[Source "ChessBase"]
[SourceDate "2018.04.19"]
[SourceVersion "1"]
[SourceVersionDate "2018.04.19"]
[SourceQuality "1"]

1. d4 Nf6 2. c4 g6 3. g3 Bg7 4. Bg2 d5 5. cxd5 Nxd5 6. Nf3 Nb6 7. Nc3 Nc6 8. e3 0-0 9. 0-0 Re8 10. a3 Be6 11. Nd2 a5 12. Nb3 Bc4 13. Re1 e5 14. d5 e4 15. Nd2 Bxc3 16. dxc6 Bxd2 17. Bxd2 bxc6 18. Rc1 Qd5 19. Bc3 Bb3 20. Qg4 Na4 21. Bf6 Re6 22. Qh4 c5 23. g4 Raa6 24. g5 h5 25. Qf4 Rad6 26. f3 exf3 27. Bxf3 Qd2 28. Rb1 c4 29. Bd4 Bc2 30. Rbc1 Rd7 31. Bg2 Rdd6 32. Rf1 Bf5 33. Rxc4 c5 34. Be5 Nb6 35. Rxc5 Rd7 36. Bd4 Rd8 37. Rxf5 gxf5 38. Qxf5 Rf8 39. Be4 Rxe4 40. Qxe4 Nc8 41. Qe5 1-0

[Event "PRO League Stage"]
[Site "Chess.com INT"]
[Date "2018.02.03"]
[Round "4"]
[White "Villanueva, Mario Nicolas"]
[Black "Friedel, Joshua E"]
[Result "1/2-1/2"]
[WhiteElo "2466"]
[BlackElo "2562"]
[PlyCount "162"]
[EventDate "2018.01.18"]
[EventType "team-swiss (rapid)"]
[EventRounds "9"]
[EventCountry "USA"]
[SourceTitle "CBM 182 Extra"]
[Source "ChessBase"]
[SourceDate "2018.02.23"]
[SourceVersion "1"]
[SourceVersionDate "2018.02.23"]
[SourceQuality "1"]
[WhiteTeam "Buenos Aires Krakens"]
[BlackTeam "Las Vegas Desert Rats"]
[WhiteTeamCountry "ARG"]
[BlackTeamCountry "USA"]

1. e4 e5 2. Nf3 Nc6 3. Bc4 Nf6 4. d3 Be7 5. 0-0 0-0 6. Re1 d6 7. a4 Na5 8. Ba2 c5 9. c3 Nc6 10. Na3 a6 11. Bd2 Rb8 12. Nc2 b5 13. axb5 axb5 14. b4 Bg4 15. Ne3 Bxf3 16. Qxf3 cxb4 17. cxb4 Nd4 18. Qd1 Rc8 19. Rc1 Ra8 20. Bd5 Nxd5 21. Nxd5 Bg5 22. Be3 Ne6 23. Qg4 h6 24. Rc2 Ra3 25. Rd1 Bxe3 26. fxe3 Qg5 27. Qxg5 hxg5 28. Kf2 g6 29. Ke2 Kg7 30. Rc6 g4 31. Kf2 Ra2+ 32. Kg3 Re2 33. Rxd6 Rc8 34. Rg1 Rd2 35. Ne7 Rc3 36. Kxg4 Rcxd3 37. Rxd3 Rxd3 38. Re1 Rd2 39. Rg1 Rc2 40. h4 Rc4 41. Kf3 Rxb4 42. Nc6 Rb3 43. Kf2 f6 44. Ra1 Nc5 45. Ra7+ Kf8 46. Kf3 Rb2 47. Ne7 Kf7 48. Nd5+ Kf8 49. Nxf6 Nd3 50. Kg3 Ne1 51. Nd7+ Kg8 52. Nxe5 Rxg2+ 53. Kf4 b4 54. Rb7 Nc2 55. Ng4 Kf8 56. e5 Ne1 57. Nf6 Nd3+ 58. Kf3 Rc2 59. Nd7+ Ke8 60. Ke4 Nc5+ 61. Nxc5 Rxc5 62. Rxb4 Ke7 63. Kf4 Kf7 64. Rb7+ Ke6 65. Rb6+ Kf7 66. e4 Rc1 67. Rb7+ Ke6 68. Rb6+ Kf7 69. e6+ Ke7 70. Ra6 Rb1 71. h5 gxh5 72. Kf5 h4 73. Ra7+ Ke8 74. e7 Rb6 75. e5 h3 76. e6 Rb2 77. Ra8+ Kxe7 78. Ra7+ Ke8 79. Ra8+ Ke7 80. Ra7+ Ke8 81. Ra8+ Ke7 1/2-1/2

[Event "PRO League Stage"]
[Site "Chess.com INT"]
[Date "2018.01.31"]
[Round "3"]
[White "Clarke, Brandon GI"]
[Black "Friedel, Joshua E"]
[Result "0-1"]
[WhiteElo "2360"]
[BlackElo "2562"]
[PlyCount "108"]
[EventDate "2018.01.18"]
[EventType "team-swiss (rapid)"]
[EventRounds "9"]
[EventCountry "USA"]
[SourceTitle "CBM 182 Extra"]
[Source "ChessBase"]
[SourceDate "2018.02.23"]
[SourceVersion "1"]
[SourceVersionDate "2018.02.23"]
[SourceQuality "1"]
[WhiteTeam "Australia Kangaroos"]
[BlackTeam "Las Vegas Desert Rats"]
[WhiteTeamCountry "AUS"]
[BlackTeamCountry "USA"]

1. e4 e5 2. Nf3 Nc6 3. Bb5 a6 4. Ba4 Nf6 5. 0-0 Be7 6. Re1 b5 7. Bb3 d6 8. c3 0-0 9. h3 Nb8 10. d4 Nbd7 11. Nbd2 Bb7 12. Bc2 Re8 13. a4 Bf8 14. Bd3 c6 15. b3 g6 16. Bb2 Nh5 17. Qc2 Nf4 18. Bf1 Qc7 19. g3 Ne6 20. h4 Bg7 21. Bh3 Rad8 22. axb5 cxb5 23. d5 Nd4 24. Qd1 Nxf3+ 25. Qxf3 Rf8 26. Ba3 Bh6 27. Nf1 Nc5 28. Qd1 Bg7 29. Bb4 Rde8 30. Qc2 f5 31. exf5 Bxd5 32. c4 bxc4 33. bxc4 Ba8 34. Ne3 Ne4 35. Qd3 Qb7 36. Qd5+ Qxd5 37. cxd5 Rb8 38. Ba3 Rbd8 39. Ra2 Nc3 40. Rd2 Bh6 41. fxg6 hxg6 42. Be6+ Kg7 43. Bb2 Na4 44. Ba1 Nc5 45. f4 Kh7 46. fxe5 dxe5 47. Rf2 Rxf2 48. Kxf2 Nd3+ 49. Ke2 Nxe1 50. Ng4 Nc2 51. Bxe5 Bg7 52. Bc7 Nd4+ 53. Ke3 Nxe6 54. dxe6 Re8 0-1

[Event "PRO League Stage"]
[Site "Chess.com INT"]
[Date "2018.01.31"]
[Round "3"]
[White "Smirnov, Anton"]
[Black "Friedel, Joshua E"]
[Result "1/2-1/2"]
[WhiteElo "2527"]
[BlackElo "2562"]
[PlyCount "93"]
[EventDate "2018.01.18"]
[EventType "team-swiss (rapid)"]
[EventRounds "9"]
[EventCountry "USA"]
[SourceTitle "CBM 182 Extra"]
[Source "ChessBase"]
[SourceDate "2018.02.23"]
[SourceVersion "1"]
[SourceVersionDate "2018.02.23"]
[SourceQuality "1"]
[WhiteTeam "Australia Kangaroos"]
[BlackTeam "Las Vegas Desert Rats"]
[WhiteTeamCountry "AUS"]
[BlackTeamCountry "USA"]

1. e4 e5 2. Nf3 Nc6 3. Bb5 a6 4. Ba4 Nf6 5. 0-0 Be7 6. Re1 b5 7. Bb3 d6 8. c3 0-0 9. h3 Nb8 10. d4 Nbd7 11. Nbd2 Bb7 12. Bc2 Re8 13. a4 Bf8 14. Bd3 c6 15. b3 Qc7 16. Qc2 Rac8 17. Bb2 Nh5 18. Bf1 g6 19. g3 Bg7 20. Bg2 d5 21. dxe5 Nxe5 22. Nxe5 Rxe5 23. c4 dxc4 24. bxc4 Re7 25. Bxg7 Nxg7 26. Qc3 Ne6 27. e5 c5 28. axb5 axb5 29. cxb5 Bxg2 30. Kxg2 Qb7+ 31. Ne4 Ng5 32. f3 Nxe4 33. Rxe4 Qxb5 34. h4 c4 35. h5 Qb3 36. Ra3 Qxc3 37. Rxc3 gxh5 38. f4 Rec7 39. Kh3 Kg7 40. f5 Rc5 41. g4 Re8 42. e6 fxe6 43. fxe6 Re7 44. Kh4 hxg4 45. Rxg4+ Kf6 46. Rf4+ Rf5 47. Rcxc4 1/2-1/2

[Event "Washington op 6th"]
[Site "Rockville"]
[Date "2017.08.12"]
[Round "1"]
[White "Yu, Jennifer R"]
[Black "Friedel, Joshua E"]
[Result "0-1"]
[WhiteElo "2279"]
[BlackElo "2536"]
[PlyCount "70"]
[EventDate "2017.08.12"]
[EventType "swiss"]
[EventRounds "9"]
[EventCountry "USA"]
[SourceTitle "CBM 180 Extra"]
[Source "ChessBase"]
[SourceDate "2017.10.06"]
[SourceVersion "1"]
[SourceVersionDate "2017.10.06"]
[SourceQuality "1"]

1. d4 Nf6 2. c4 e6 3. Nc3 Bb4 4. e3 0-0 5. Nge2 d5 6. a3 Be7 7. cxd5 exd5 8. g3 c6 9. Bg2 Na6 10. 0-0 Nc7 11. f3 c5 12. dxc5 Bxc5 13. b4 Bd6 14. Nd4 Re8 15. Re1 h5 16. Bb2 Bd7 17. Qd3 a5 18. b5 a4 19. Rad1 Ra5 20. e4 dxe4 21. Nxe4 Nxe4 22. Rxe4 Bc5 23. Kh1 Bxb5 24. Qc2 Rxe4 25. fxe4 Qf8 26. Nf5 f6 27. e5 Ra6 28. exf6 gxf6 29. Bxb7 Re6 30. Nd4 Bxd4 31. Bxd4 Qg7 32. Rc1 Qg4 33. Bf2 Re7 34. Bg2 Be8 35. Qc5 Qd7 0-1

[Event "Wisconsin Int"]
[Site "Madison"]
[Date "2017.06.16"]
[Round "6"]
[White "Boros, Denes"]
[Black "Friedel, Joshua E"]
[Result "1/2-1/2"]
[WhiteElo "2450"]
[BlackElo "2528"]
[PlyCount "29"]
[EventDate "2017.06.13"]
[EventType "swiss"]
[EventRounds "9"]
[EventCountry "USA"]
[SourceTitle "CBM 179 Extra"]
[Source "ChessBase"]
[SourceDate "2017.08.23"]
[SourceVersion "1"]
[SourceVersionDate "2017.08.23"]
[SourceQuality "1"]

1. e4 e5 2. Nf3 Nc6 3. Bb5 a6 4. Ba4 Nf6 5. 0-0 Be7 6. d3 b5 7. Bb3 d6 8. a4 b4 9. Nbd2 Na5 10. Ba2 c5 11. c3 0-0 12. cxb4 cxb4 13. d4 Qc7 14. Re1 Bg4 15. h3 1/2-1/2

[Event "Wisconsin Int"]
[Site "Madison"]
[Date "2017.06.15"]
[Round "5"]
[White "Friedel, Joshua E"]
[Black "Belous, Vladimir"]
[Result "0-1"]
[WhiteElo "2528"]
[BlackElo "2567"]
[PlyCount "110"]
[EventDate "2017.06.13"]
[EventType "swiss"]
[EventRounds "9"]
[EventCountry "USA"]
[SourceTitle "CBM 179 Extra"]
[Source "ChessBase"]
[SourceDate "2017.08.23"]
[SourceVersion "1"]
[SourceVersionDate "2017.08.23"]
[SourceQuality "1"]

1. d4 Nf6 2. c4 g6 3. g3 c5 4. Nf3 Bg7 5. Bg2 Qa5+ 6. Nc3 Ne4 7. Qd3 cxd4 8. Nxd4 Nc5 9. Qd1 Nc6 10. e3 Ne6 11. 0-0 0-0 12. Nxe6 dxe6 13. Bd2 Qb6 14. Rb1 Rd8 15. Qe2 Ne5 16. Rfd1 Qc7 17. b3 a6 18. a4 Bd7 19. f4 Nc6 20. b4 Rac8 21. Rdc1 Nb8 22. a5 Bc6 23. e4 Bd4+ 24. Be3 Be8 25. Nd5 Bxe3+ 26. Nxe3 Nc6 27. Qb2 b6 28. axb6 Qxb6 29. c5 Qb5 30. Bf1 Qb7 31. b5 axb5 32. Qxb5 Qxb5 33. Bxb5 Nd4 34. Ba6 Ra8 35. Bb7 Ra2 36. Rf1 Rb8 37. Rf2 Ra5 38. Rb4 Nc6 39. Bxc6 Rxb4 40. Bxe8 Rxe4 41. Ng4 Rxc5 42. Ne5 f6 43. Nf3 Kg7 44. Kg2 Re3 45. Bd7 Kf7 46. Ba4 h6 47. h4 Rcc3 48. Bd1 Red3 49. Be2 Re3 50. Bd1 Kg7 51. Rb2 e5 52. fxe5 fxe5 53. Kf2 e4 54. Nd2 Rxg3 55. Rb7 e3+ 0-1